Teams Beaten by BRAZIL When Winning the FIFA World Cup - Statistics

General Stats
  • This quiz has been taken 42 times
  • The average score is 24 of 29
Answer Stats
FIFA World
Cup Year
Stage Answer % Correct
1958 Semi-finals France
100%
2002 Final Germany
100%
1970 Final Italy
97%
1994 Final Italy
97%
1962 Group Stage Spain
92%
2002 Group Stage Turkey
92%
2002 Semi-finals Turkey
92%
1994 Round of 16 United States
92%
1962 Quarter-finals England
89%
1970 Group Stage England
89%
2002 Quarter-finals England
89%
1962 Group Stage Mexico
89%
1958 Final Sweden
89%
1994 Semi-finals Sweden
89%
1970 Semi-finals Uruguay
89%
1994 Quarter-finals Netherlands
87%
2002 Round of 16 Belgium
84%
1994 Group Stage Cameroon
79%
1962 Semi-finals Chile
79%
2002 Group Stage China
79%
1994 Group Stage Russia
79%
1962 Final Czechoslovakia
76%
1970 Group Stage Czechoslovakia
76%
1958 Group Stage Soviet Union
76%
1958 Group Stage Austria
74%
1970 Quarter-finals Peru
68%
1958 Quarter-finals Wales
68%
1970 Group Stage Romania
63%
2002 Group Stage Costa Rica
61%
No matching quizzes found
Score Distribution
Percent of People with Each Score
Percentile by Number Answered
Your Score History
You have not taken this quiz